000
00280nam a22001097a 4500
040
_c
SCME
100
_a
Webster
_9
78732
245
_a
Webster’s New Encyclopedic Dictionary By Merriam-Webster
260
_a
Federal street press
_b
U.S
_c
2002
300
_a
2224p.
942
_2
ddc
_c
ENC
999
_c
609169
_d
609169